[Event "Women's Speed Chess GP4"]
[Site "chess.com INT"]
[Date "2020.07.16"]
[Round "2.4"]
[White "Khademalsharieh, Sarasadat"]
[Black "Muzychuk, Anna"]
[Result "1-0"]
[WhiteTitle "IM"]
[BlackTitle "GM"]
[WhiteElo "2494"]
[BlackElo "2535"]
[WhiteFideId "12512214"]
[BlackFideId "14111330"]
[EventDate "2020.07.15"]
[EventType "k.o. blitz"]

1. Nf3 c5 2. c4 Nc6 3. d4 cxd4 4. Nxd4 Nf6 5. Nc3 e6 6. g3 Qb6 7. Ndb5 Ne5 8.
Bg2 a6 9. Na4 Qa5+ 10. Nbc3 Nxc4 11. O-O Bb4 12. a3 Bxc3 13. Nxc3 O-O 14. e4 d6
15. Qd4 Qc5 16. Qxc5 dxc5 17. b3 Ne5 18. Na4 Bd7 19. Nxc5 Bc6 20. Bf4 Ng6 21.
Bd6 Rfd8 22. e5 Ng4 23. Bxc6 bxc6 24. Rfe1 N4xe5 25. Bxe5 Rd5 26. Nxa6 Rxe5 27.
Rxe5 Nxe5 28. Nc5 Kf8 29. b4 Nf3+ 30. Kg2 Nd4 31. a4 Nc2 32. Rb1 Ke7 33. Rb2 Nd4
34. a5 Nb5 35. f4 h6 36. Kf3 Rd8 37. Ke3 Rd1 38. Rd2 Ra1 39. Rd7+ Kf6 40. Rb7
Nd6 41. Ne4+ Nxe4 42. Kxe4 Ra4 43. Kd4 Kg6 44. Kc5 Ra2 45. Kxc6 1-0

[Event "Women's Speed Chess GP4"]
[Site "chess.com INT"]
[Date "2020.07.16"]
[Round "2.5"]
[White "Muzychuk, Anna"]
[Black "Khademalsharieh, Sarasadat"]
[Result "0-1"]
[WhiteTitle "GM"]
[BlackTitle "IM"]
[WhiteElo "2535"]
[BlackElo "2494"]
[WhiteFideId "14111330"]
[BlackFideId "12512214"]
[EventDate "2020.07.15"]
[EventType "k.o. blitz"]

1. e4 e5 2. Nf3 Nc6 3. Bb5 a6 4. Ba4 g6 5. d4 b5 6. Bb3 exd4 7. a4 b4 8. Nxd4
Na5 9. Bd5 c6 10. Ba2 Bg7 11. O-O Ne7 12. c3 c5 13. Nb3 Nb7 14. cxb4 cxb4 15.
Be3 O-O 16. Bd4 Bxd4 17. Nxd4 Nc5 18. Nd2 Bb7 19. Re1 d5 20. e5 Qb6 21. a5 Qd8
22. N2f3 Rc8 23. e6 Nxe6 24. Nxe6 fxe6 25. Nd4 Qxa5 26. Nxe6 Rf7 27. Ng5 Rg7 28.
Qd4 Nf5 29. Qf6 Qc5 30. Ne6 Qd6 31. Rad1 Rf7 32. Qg5 Re8 33. Nf4 Rxe1+ 34. Rxe1
Ng7 35. Nd3 Qf6 36. Qe3 Nf5 37. Qc5 Nh4 38. Qxb4 Qg5 39. g3 Nf3+ 40. Kf1 Nxe1
41. Nxe1 Qf6 42. Qd2 Qb6 43. Ng2 Kg7 44. Nf4 Qb5+ 45. Kg1 Re7 46. b4 Qb6 47.
Bxd5 Qf6 48. Bxb7 Rxb7 49. Qd5 Re7 50. Qd2 Qe5 51. Nd5 Qe1+ 52. Qxe1 Rxe1+ 53.
Kg2 Rb1 54. Nc7 Rxb4 55. Nxa6 Rb5 56. Nc7 Re5 57. Na6 Re6 58. Nb4 Rb6 59. Nd3 g5
60. Ne1 g4 0-1

[Event "Women's Speed Chess GP4"]
[Site "chess.com INT"]
[Date "2020.07.16"]
[Round "2.6"]
[White "Khademalsharieh, Sarasadat"]
[Black "Muzychuk, Anna"]
[Result "1-0"]
[WhiteTitle "IM"]
[BlackTitle "GM"]
[WhiteElo "2494"]
[BlackElo "2535"]
[WhiteFideId "12512214"]
[BlackFideId "14111330"]
[EventDate "2020.07.15"]
[EventType "k.o. blitz"]

1. Nf3 Nf6 2. c4 g6 3. d4 Bg7 4. g3 c6 5. Bg2 d5 6. cxd5 cxd5 7. O-O O-O 8. Nc3
e6 9. Ne5 Bd7 10. f4 Nc6 11. Be3 Ne8 12. Bf2 Nd6 13. e4 dxe4 14. Nxe4 Nxe4 15.
Bxe4 Rc8 16. Rc1 Qe7 17. Qf3 Rfd8 18. Rfd1 Qb4 19. Nxd7 Rxd7 20. Bxc6 bxc6 21.
Rxc6 Rcd8 22. Qc3 Qa4 23. Qc2 Qxa2 24. Rc4 Qa6 25. b3 h5 26. Ra4 Qb7 27. Rc4 h4
28. gxh4 Qf3 29. Rd3 Qxf4 30. d5 Rxd5 31. Rxf4 1-0

[Event "Women's Speed Chess GP4"]
[Site "chess.com INT"]
[Date "2020.07.16"]
[Round "2.7"]
[White "Muzychuk, Anna"]
[Black "Khademalsharieh, Sarasadat"]
[Result "0-1"]
[WhiteTitle "GM"]
[BlackTitle "IM"]
[WhiteElo "2535"]
[BlackElo "2494"]
[WhiteFideId "14111330"]
[BlackFideId "12512214"]
[EventDate "2020.07.15"]
[EventType "k.o. blitz"]

1. e4 e5 2. Nf3 Nc6 3. Bb5 a6 4. Ba4 g6 5. d4 b5 6. Bb3 exd4 7. a4 b4 8. Nxd4
Na5 9. Bd5 c6 10. Ba2 Bg7 11. O-O Ne7 12. c3 c5 13. Nb3 Nb7 14. cxb4 cxb4 15.
Be3 O-O 16. Bd4 Bxd4 17. Nxd4 Nc5 18. Nd2 Bb7 19. Re1 d5 20. e5 Rc8 21. N2f3 Ne6
22. Nxe6 fxe6 23. Qd4 a5 24. Ng5 Nf5 25. Qd2 Qe7 26. Rad1 Nh4 27. Nh3 b3 28.
Bxb3 Rf3 29. Re3 Rxe3 30. fxe3 Qc7 31. Nf2 Qxe5 32. Ng4 Qg5 33. Qd4 h5 34. Nf6+
Kf7 35. Qd2 Kxf6 36. Rf1+ Kg7 37. Qd4+ Kg8 38. Qd2 Rf8 39. Rxf8+ Kxf8 40. Qf2+
Kg8 41. Bc2 Nf5 42. Bxf5 Qxf5 43. Qd2 Qe4 44. Qc3 d4 0-1

[Event "Women's Speed Chess GP4"]
[Site "chess.com INT"]
[Date "2020.07.16"]
[Round "2.8"]
[White "Khademalsharieh, Sarasadat"]
[Black "Muzychuk, Anna"]
[Result "0-1"]
[WhiteTitle "IM"]
[BlackTitle "GM"]
[WhiteElo "2494"]
[BlackElo "2535"]
[WhiteFideId "12512214"]
[BlackFideId "14111330"]
[EventDate "2020.07.15"]
[EventType "k.o. blitz"]

1. Nf3 c5 2. c4 Nc6 3. d4 cxd4 4. Nxd4 g6 5. g3 Bg7 6. Nc2 d6 7. Bg2 Be6 8. Ne3
Rc8 9. O-O h5 10. h4 Qd7 11. Nc3 Ne5 12. Qb3 b6 13. Ncd5 Nf6 14. Bd2 O-O 15.
Rac1 Nfg4 16. Nxg4 Bxg4 17. Rfe1 Nc6 18. Bc3 Nd4 19. Qd1 Rxc4 20. b3 Rcc8 21.
Qd2 e5 22. Bxd4 exd4 23. Rxc8 Rxc8 24. Nf4 Bf5 25. Rc1 Kh7 26. Rxc8 Qxc8 27. Bd5
Qc3 28. Qd1 Kg8 29. Nd3 Qa5 30. Bc4 Qxa2 31. Qc1 Qxe2 32. Nf4 Qe8 33. Nd5 Qe4
34. Qg5 Bh3 35. Nf4 Qe1+ 36. Kh2 Bf5 37. Qd8+ Bf8 38. Kg2 Be4+ 39. f3 Qd2+ 40.
Kh3 Bf5+ 41. g4 hxg4+ 42. fxg4 Qe3+ 43. Kg2 Be4+ 44. Kf1 Qxf4+ 0-1

[Event "Women's Speed Chess GP4"]
[Site "chess.com INT"]
[Date "2020.07.16"]
[Round "2.9"]
[White "Muzychuk, Anna"]
[Black "Khademalsharieh, Sarasadat"]
[Result "1-0"]
[WhiteTitle "GM"]
[BlackTitle "IM"]
[WhiteElo "2535"]
[BlackElo "2494"]
[WhiteFideId "14111330"]
[BlackFideId "12512214"]
[EventDate "2020.07.15"]
[EventType "k.o. blitz"]

1. e4 e5 2. Nf3 Nc6 3. Bb5 a6 4. Ba4 g6 5. h4 d6 6. h5 Bg7 7. d3 Bg4 8. h6 Bf8
9. d4 b5 10. Bb3 Nxd4 11. c3 Bxf3 12. gxf3 Nxb3 13. axb3 Nf6 14. Bg5 Be7 15. Na3
O-O 16. Nc2 Ne8 17. Bxe7 Qxe7 18. Ne3 c6 19. Qd3 Kh8 20. O-O-O a5 21. Kc2 a4 22.
b4 f6 23. Rd2 Rd8 24. Rhd1 Qf7 25. Kb1 Ra8 26. Qc2 a3 27. b3 a2+ 28. Ka1 f5 29.
exf5 gxf5 30. Rg1 Qf6 31. Rdd1 Nc7 32. Rg2 Nd5 33. Nxd5 cxd5 34. Rxd5 Qxh6 35.
Rd1 Rg8 36. Rxg8+ Kxg8 37. Qxf5 Kh8 38. Qe4 Rf8 39. Qd5 Qf6 40. Kxa2 Qxf3 41.
Qxf3 Rxf3 42. Rxd6 Rxc3 43. Rd5 Rc2+ 44. Ka3 Rxf2 45. Rxb5 Re2 46. Rb8+ Kg7 47.
b5 e4 48. b6 Rd2 49. b7 Rd7 50. Rg8+ Kxg8 51. b8=Q+ Kf7 52. Qf4+ Kg8 53. Qxe4
Ra7+ 54. Kb2 Rg7 55. b4 Rf7 56. b5 h5 57. b6 h4 58. b7 Rf8 59. Qxh4 Rb8 60. Qg3+ 1-0

[Event "Women's Speed Chess GP4"]
[Site "chess.com INT"]
[Date "2020.07.16"]
[Round "2.10"]
[White "Khademalsharieh, Sarasadat"]
[Black "Muzychuk, Anna"]
[Result "1/2-1/2"]
[WhiteTitle "IM"]
[BlackTitle "GM"]
[WhiteElo "2494"]
[BlackElo "2535"]
[WhiteFideId "12512214"]
[BlackFideId "14111330"]
[EventDate "2020.07.15"]
[EventType "k.o. blitz"]

1. Nf3 c5 2. c4 Nc6 3. d4 cxd4 4. Nxd4 g6 5. e4 Bg7 6. Nf3 d6 7. Be2 Nf6 8. Nc3
O-O 9. O-O Be6 10. Be3 Rc8 11. Rc1 Ng4 12. Bd2 Nge5 13. Nxe5 Nxe5 14. b3 Qd7 15.
Be3 b6 16. f3 h5 17. Qd2 h4 18. Nd5 h3 19. g3 Bxd5 20. cxd5 f5 21. Rxc8 Qxc8 22.
Rc1 Qd7 23. f4 Ng4 24. Bxg4 fxg4 25. Qc2 e6 26. dxe6 Qxe6 27. Qc4 Re8 28. Qxe6+
Rxe6 29. Rc4 d5 30. Rc8+ Kh7 31. Kf2 Rxe4 32. Rc7 d4 33. Bd2 a5 34. Rd7 Kg8 35.
Rd6 Kf7 36. Rxb6 d3 37. Rb7+ Kg8 38. Be3 Bd4 39. Bxd4 d2 40. Rb8+ Kf7 41. Rb7+
Ke8 42. Rb8+ Kd7 43. Bb6 Kc6 44. Rd8 Kxb6 45. Rxd2 Kc5 46. Re2 Rd4 47. Re5+ Kb4
48. a3+ Kxa3 49. Rxa5+ Kxb3 50. Rg5 Rd2+ 51. Kg1 Rg2+ 52. Kh1 Rd2 53. Kg1 Rg2+
54. Kh1 Rd2 55. Kg1 1/2-1/2

[Event "Women's Speed Chess GP4"]
[Site "chess.com INT"]
[Date "2020.07.17"]
[Round "3.1"]
[White "Hou, Yifan"]
[Black "Koneru, Humpy"]
[Result "0-1"]
[WhiteTitle "GM"]
[BlackTitle "GM"]
[WhiteElo "2658"]
[BlackElo "2586"]
[WhiteFideId "8602980"]
[BlackFideId "5008123"]
[EventDate "2020.07.15"]
[EventType "k.o. blitz"]

1. e4 e5 2. Bc4 Nf6 3. d3 c6 4. Nf3 d5 5. Bb3 a5 6. a3 a4 7. Ba2 Bd6 8. Nc3 dxe4
9. Ng5 O-O 10. Ncxe4 Nxe4 11. dxe4 Be7 12. Qh5 Bxg5 13. Bxg5 Qa5+ 14. Bd2 Qc7
15. O-O-O Be6 16. Bxe6 fxe6 17. Qh3 Re8 18. Bc3 c5 19. Qd3 Nc6 20. Qc4 b6 21.
Rd3 Rac8 22. Qxa4 Nd4 23. Bxd4 exd4 24. g3 e5 25. Qc4+ Kh8 26. Re1 Qc6 27. a4
Qh6+ 28. Rd2 Qxh2 29. Kb1 Rf8 30. Qe2 Qh6 31. b3 c4 32. bxc4 Qc6 33. Rd3 Qxa4
34. Rb3 Ra8 35. Kc1 Qa1+ 36. Kd2 Qa5+ 37. Kc1 Rfc8 38. Qe3 Rxc4 39. Qf3 Qxe1+ 0-1

[Event "Women's Speed Chess GP4"]
[Site "chess.com INT"]
[Date "2020.07.17"]
[Round "3.2"]
[White "Koneru, Humpy"]
[Black "Hou, Yifan"]
[Result "0-1"]
[WhiteTitle "GM"]
[BlackTitle "GM"]
[WhiteElo "2586"]
[BlackElo "2658"]
[WhiteFideId "5008123"]
[BlackFideId "8602980"]
[EventDate "2020.07.15"]
[EventType "k.o. blitz"]

1. d4 Nf6 2. c4 e6 3. Nf3 d5 4. Nc3 Bb4 5. Bg5 h6 6. Bxf6 Qxf6 7. Qa4+ Nc6 8. e3
O-O 9. Be2 Bd7 10. Qb3 a5 11. O-O a4 12. Qc2 dxc4 13. Ne4 Qe7 14. a3 Bd6 15.
Bxc4 Na5 16. Nfd2 Nxc4 17. Nxc4 Bc6 18. Ncd2 f5 19. Nxd6 cxd6 20. Qd3 Qg5 21. f3
f4 22. e4 Bb5 23. Qc3 Bxf1 24. Rxf1 Qb5 25. Rc1 Rac8 26. Qxc8 Rxc8 27. Rxc8+ Kh7
28. Nc4 d5 29. exd5 exd5 30. Nd6 Qd7 0-1

[Event "Women's Speed Chess GP4"]
[Site "chess.com INT"]
[Date "2020.07.17"]
[Round "3.3"]
[White "Hou, Yifan"]
[Black "Koneru, Humpy"]
[Result "1-0"]
[WhiteTitle "GM"]
[BlackTitle "GM"]
[WhiteElo "2658"]
[BlackElo "2586"]
[WhiteFideId "8602980"]
[BlackFideId "5008123"]
[EventDate "2020.07.15"]
[EventType "k.o. blitz"]

1. e4 e5 2. Bc4 Nf6 3. d3 c6 4. Nf3 d5 5. Bb3 a5 6. a4 Bb4+ 7. Bd2 O-O 8. Nc3
Bg4 9. h3 Bxf3 10. Qxf3 d4 11. Nb1 Bxd2+ 12. Nxd2 Nbd7 13. O-O Nc5 14. Bc4 Nfd7
15. Qg3 Kh8 16. Nf3 Qe7 17. Nh4 g6 18. f4 exf4 19. Rxf4 Ne5 20. Ba2 Nxa4 21. Nf3
f6 22. Nxd4 Qc5 23. Qf2 Nxb2 24. Ne6 Qxf2+ 25. Rxf2 Rf7 26. Nc5 Rff8 27. Rb1 b6
28. Ne6 Nbxd3 29. cxd3 Nxd3 30. Rd2 Nb4 31. Nxf8 Rxf8 32. Rbd1 b5 33. Rd8 Rxd8
34. Rxd8+ Kg7 35. Rg8+ Kh6 36. Be6 a4 37. Kf2 Nd3+ 38. Ke3 Nc5 39. Bf7 b4 40.
Kd4 Nd7 41. Be6 Ne5 42. Ra8 a3 43. Rb8 c5+ 44. Kxc5 Nd3+ 45. Kd4 Nf4 46. Bb3
Nxg2 47. Rxb4 Nf4 48. h4 Ng2 49. Ra4 Nxh4 50. Rxa3 Nf3+ 51. Ke3 Ne5 52. Ra1 Kg7
53. Ra7+ Kh6 54. Bg8 Kg5 55. Rxh7 Ng4+ 56. Kf3 Ne5+ 57. Kg3 Nd3 58. Bd5 Ne5 59.
Rh1 Ng4 60. Rg1 Ne5 61. Rf1 Ng4 62. Be6 Ne5 63. Ra1 Nd3 64. Ra5+ Ne5 65. Rxe5+
fxe5 66. Bg4 Kh6 67. Kh4 g5+ 68. Kg3 Kg6 69. Bf5+ Kh5 70. Kh3 g4+ 71. Bxg4+ Kg5
72. Bf5 Kf4 73. Kh4 Ke3 74. Kg5 Kf3 75. Kf6 Kf4 76. Ke6 1-0

[Event "Women's Speed Chess GP4"]
[Site "chess.com INT"]
[Date "2020.07.17"]
[Round "3.4"]
[White "Koneru, Humpy"]
[Black "Hou, Yifan"]
[Result "1-0"]
[WhiteTitle "GM"]
[BlackTitle "GM"]
[WhiteElo "2586"]
[BlackElo "2658"]
[WhiteFideId "5008123"]
[BlackFideId "8602980"]
[EventDate "2020.07.15"]
[EventType "k.o. blitz"]

1. Nf3 Nf6 2. c4 e6 3. b3 d5 4. Bb2 Be7 5. g3 O-O 6. Bg2 c5 7. cxd5 Nxd5 8. O-O
b6 9. d4 Bb7 10. Nc3 Nd7 11. Rc1 Nxc3 12. Bxc3 Rc8 13. Bb2 Nf6 14. Qd3 Be4 15.
Qe3 Qd5 16. Rfd1 Qb7 17. Ne1 Bxg2 18. Nxg2 h6 19. Nf4 cxd4 20. Bxd4 Rxc1 21.
Rxc1 Nd5 22. Qf3 Bg5 23. e3 Bxf4 24. exf4 Rc8 25. Rxc8+ Qxc8 26. Qg4 f6 27. h4
Kf7 28. h5 Ne7 29. Qe2 Qc6 30. Bb2 Qd5 31. Kh2 Nc6 32. g4 Qd6 33. Kg3 Nb4 34.
Ba3 a5 35. Bxb4 axb4 36. Qe4 Qc5 37. Qg6+ Kf8 38. Qe4 Qc3+ 39. Kg2 e5 40. fxe5
fxe5 41. Qa8+ Kf7 42. Qb7+ Kg8 43. Qxb6 Kh7 44. Qe6 Kh8 45. Qe8+ Kh7 46. Qg6+
Kg8 47. g5 hxg5 48. h6 Qc7 49. Qxg5 Qb7+ 50. f3 e4 51. Qxg7+ Qxg7+ 52. hxg7
exf3+ 53. Kxf3 Kxg7 54. Ke4 1-0

[Event "Women's Speed Chess GP4"]
[Site "chess.com INT"]
[Date "2020.07.17"]
[Round "3.5"]
[White "Hou, Yifan"]
[Black "Koneru, Humpy"]
[Result "0-1"]
[WhiteTitle "GM"]
[BlackTitle "GM"]
[WhiteElo "2658"]
[BlackElo "2586"]
[WhiteFideId "8602980"]
[BlackFideId "5008123"]
[EventDate "2020.07.15"]
[EventType "k.o. blitz"]

1. e4 e5 2. Bc4 Nf6 3. d3 c6 4. Nf3 d5 5. Bb3 a5 6. a3 a4 7. Ba2 Bd6 8. Nc3 Be6
9. exd5 cxd5 10. O-O Nbd7 11. Bg5 Qb6 12. Rb1 O-O 13. Re1 Bc5 14. Qe2 Rfe8 15.
Bxf6 Nxf6 16. h3 e4 17. dxe4 dxe4 18. Nh2 Bxa2 19. Nxa2 e3 20. f3 Nd5 21. Nc3
Nxc3 22. bxc3 Qc6 23. Ra1 Rad8 24. Rad1 Rxd1 25. Rxd1 Bxa3 26. Ng4 h5 27. Nh2
Bc5 28. Nf1 a3 29. Ng3 h4 30. Ne4 Bb6 31. Ra1 Ra8 0-1

[Event "Women's Speed Chess GP4"]
[Site "chess.com INT"]
[Date "2020.07.17"]
[Round "3.6"]
[White "Koneru, Humpy"]
[Black "Hou, Yifan"]
[Result "0-1"]
[WhiteTitle "GM"]
[BlackTitle "GM"]
[WhiteElo "2586"]
[BlackElo "2658"]
[WhiteFideId "5008123"]
[BlackFideId "8602980"]
[EventDate "2020.07.15"]
[EventType "k.o. blitz"]

1. d4 Nf6 2. c4 e6 3. Nf3 d5 4. Nc3 Bb4 5. Bg5 h6 6. Bxf6 Qxf6 7. e3 O-O 8. Rc1
Rd8 9. a3 Bxc3+ 10. Rxc3 c6 11. Bd3 Nd7 12. O-O dxc4 13. Bxc4 e5 14. Qc2 exd4
15. Nxd4 Ne5 16. Be2 Bg4 17. Bxg4 Nxg4 18. h3 Ne5 19. Qe2 Rd6 20. Rd1 Rad8 21.
Rcc1 b6 22. b4 Ng6 23. Nf3 Rxd1+ 24. Rxd1 Rxd1+ 25. Qxd1 Qc3 26. Qd8+ Kh7 27.
Qd7 Qxa3 28. Qxf7 Qxb4 29. h4 Nxh4 30. Ng5+ hxg5 31. Qh5+ Kg8 32. Qe8+ Qf8 33.
Qxc6 Qf7 34. Qa8+ Kh7 35. Qe4+ Qf5 36. Qb7 Qg4 37. Qd5 Qxg2+ 38. Qxg2 Nxg2 39.
Kxg2 a5 40. Kf3 a4 41. Ke4 a3 42. Kf5 a2 43. Kxg5 a1=Q 0-1

[Event "Women's Speed Chess GP4"]
[Site "chess.com INT"]
[Date "2020.07.17"]
[Round "3.7"]
[White "Hou, Yifan"]
[Black "Koneru, Humpy"]
[Result "0-1"]
[WhiteTitle "GM"]
[BlackTitle "GM"]
[WhiteElo "2658"]
[BlackElo "2586"]
[WhiteFideId "8602980"]
[BlackFideId "5008123"]
[EventDate "2020.07.15"]
[EventType "k.o. blitz"]

1. e4 e5 2. Nf3 Nf6 3. Nxe5 d6 4. Nf3 Nxe4 5. Nc3 Nxc3 6. dxc3 Be7 7. Be3 Nc6 8.
Qd2 Be6 9. O-O-O Qd7 10. Kb1 Bf6 11. h4 h6 12. Be2 O-O-O 13. Nd4 Nxd4 14. Bxd4
Bxd4 15. Qxd4 Kb8 16. Qxg7 Bxa2+ 17. Kxa2 Qe6+ 18. Kb1 Qxe2 19. Qf6 Qe6 20. Qf4
Rde8 21. Rhe1 Qg6 22. g3 a6 23. Re3 Re6 24. Rde1 Rhe8 25. g4 Rxe3 26. Rxe3 Rxe3
27. fxe3 Kc8 28. g5 hxg5 29. Qg4+ f5 30. h5 Qf6 31. Qh3 g4 32. Qh2 Qh6 33. b3
Kd7 34. Kb2 Ke6 35. c4 Kf7 36. Qg2 c6 37. e4 Qxh5 38. exf5 Qxf5 39. Qg1 Qe5+ 40.
Kb1 g3 41. Qb6 Qe1+ 42. Kb2 g2 43. Qxb7+ Kf6 44. Qxc6 g1=Q 45. Qxd6+ Qe6 46.
Qf4+ Qf5 47. Qd6+ Kf7 48. Qc7+ Kg6 0-1

[Event "Women's Speed Chess GP4"]
[Site "chess.com INT"]
[Date "2020.07.17"]
[Round "3.8"]
[White "Koneru, Humpy"]
[Black "Hou, Yifan"]
[Result "0-1"]
[WhiteTitle "GM"]
[BlackTitle "GM"]
[WhiteElo "2586"]
[BlackElo "2658"]
[WhiteFideId "5008123"]
[BlackFideId "8602980"]
[EventDate "2020.07.15"]
[EventType "k.o. blitz"]

1. d4 e6 2. Nf3 b6 3. e3 Bb7 4. Bd3 Nf6 5. O-O d5 6. b3 Bd6 7. Bb2 O-O 8. Nbd2
c5 9. c4 Nbd7 10. cxd5 exd5 11. Rc1 Qe7 12. Qe2 a6 13. Rfd1 Ne4 14. Nf1 Rfe8 15.
Ng3 g6 16. dxc5 bxc5 17. Bxe4 dxe4 18. Nd2 h5 19. Nc4 Bc7 20. Qd2 Rad8 21. Qc3
f6 22. Nf1 h4 23. h3 Kg7 24. Rd2 Ne5 25. Nxe5 Bxe5 26. Qc2 Rxd2 27. Nxd2 Rc8 28.
Bxe5 Qxe5 29. Nc4 Qc7 30. Rd1 Rd8 31. Rxd8 Qxd8 32. Qd2 Qxd2 33. Nxd2 Bd5 34.
Kf1 Kf7 35. Ke2 Ke6 36. f3 exf3+ 37. gxf3 Kd6 38. e4 Be6 39. Nc4+ Bxc4+ 40. bxc4
Ke5 41. Ke3 g5 42. a3 a5 43. a4 f5 44. exf5 Kxf5 45. Ke2 Kf4 46. Kf2 Kf5 47. Ke2
Ke6 48. Kd2 Kf6 49. Ke2 Kf5 50. Kd3 Kf4 51. Ke2 Kg3 52. Ke3 Kxh3 53. Ke4 Kg3 54.
Kd5 h3 55. Kxc5 h2 56. Kb5 h1=Q 57. c5 Qxf3 58. Kxa5 Qb7 59. c6 Qxc6 60. Kb4
Qb6+ 61. Ka3 g4 62. a5 Qxa5+ 63. Kb3 Kf2 0-1

[Event "Women's Speed Chess GP4"]
[Site "chess.com INT"]
[Date "2020.07.17"]
[Round "3.9"]
[White "Hou, Yifan"]
[Black "Koneru, Humpy"]
[Result "1-0"]
[WhiteTitle "GM"]
[BlackTitle "GM"]
[WhiteElo "2658"]
[BlackElo "2586"]
[WhiteFideId "8602980"]
[BlackFideId "5008123"]
[EventDate "2020.07.15"]
[EventType "k.o. blitz"]

1. e4 e5 2. Nf3 Nf6 3. Nc3 Nc6 4. Bb5 Nd4 5. Bc4 Bc5 6. d3 d6 7. h3 h6 8. Be3
Nxf3+ 9. Qxf3 Bxe3 10. Qxe3 Be6 11. Bb3 Qd7 12. O-O a6 13. f4 exf4 14. Rxf4
O-O-O 15. Qa7 Bxb3 16. Qa8# 1-0

[Event "Women's Speed Chess GP4"]
[Site "chess.com INT"]
[Date "2020.07.17"]
[Round "3.10"]
[White "Koneru, Humpy"]
[Black "Hou, Yifan"]
[Result "1-0"]
[WhiteTitle "GM"]
[BlackTitle "GM"]
[WhiteElo "2586"]
[BlackElo "2658"]
[WhiteFideId "5008123"]
[BlackFideId "8602980"]
[EventDate "2020.07.15"]
[EventType "k.o. blitz"]

1. d4 e6 2. c4 b6 3. e4 Bb7 4. Bd3 Bb4+ 5. Bd2 Bxd2+ 6. Nxd2 d6 7. Ngf3 Nd7 8.
O-O e5 9. d5 Ne7 10. b4 O-O 11. Nb3 f5 12. Ng5 Rf6 13. Ne6 Qc8 14. exf5 Nxf5 15.
Bxf5 Rxf5 16. Qg4 g6 17. f4 c6 18. Rad1 cxd5 19. cxd5 exf4 20. Nbd4 Rxd5 21.
Nxf4 Re5 22. Nxg6 hxg6 23. Qxg6+ Kh8 24. Qh6+ Kg8 25. Qg6+ Kh8 26. Rf7 1-0

[Event "Women's Speed Chess GP4"]
[Site "chess.com INT"]
[Date "2020.07.17"]
[Round "3.11"]
[White "Hou, Yifan"]
[Black "Koneru, Humpy"]
[Result "0-1"]
[WhiteTitle "GM"]
[BlackTitle "GM"]
[WhiteElo "2658"]
[BlackElo "2586"]
[WhiteFideId "8602980"]
[BlackFideId "5008123"]
[EventDate "2020.07.15"]
[EventType "k.o. blitz"]

1. e4 e5 2. Nf3 Nf6 3. Nc3 Bb4 4. Nxe5 O-O 5. Nd3 Bxc3 6. dxc3 Nxe4 7. Be2 Re8
8. O-O d6 9. c4 Nd7 10. Be3 Nf8 11. Bf3 Bf5 12. Re1 Ng6 13. g3 Qf6 14. c3 Ne5
15. Nxe5 dxe5 16. Bg2 Rad8 17. Qe2 b6 18. b4 Ng5 19. h4 Ne6 20. Rad1 h6 21. Rd5
Nf8 22. Red1 Be6 23. Rxd8 Rxd8 24. Re1 Nd7 25. Bc1 Bf5 26. Rd1 Qe6 27. Bd5 Qe7
28. Bc6 Nb8 29. Rxd8+ Qxd8 30. Bd5 Qd6 31. Be3 Nd7 32. Bf3 Be6 33. a4 c5 34.
bxc5 Nxc5 35. a5 bxa5 36. Qb2 Qb6 37. Qa3 Qb1+ 38. Kg2 e4 39. Be2 Nd3 40. Qxa5
Ne1+ 41. Kh2 Nf3+ 42. Bxf3 exf3 43. Qd8+ Kh7 44. Qa8 Bg4 45. Bc1 Qxc1 46. Qe4+
f5 47. Qe8 Qf1 0-1

[Event "Women's Speed Chess GP4"]
[Site "chess.com INT"]
[Date "2020.07.19"]
[Round "4.10"]
[White "Koneru, Humpy"]
[Black "Kosteniuk, Alexandra"]
[Result "0-1"]
[WhiteTitle "GM"]
[BlackTitle "GM"]
[WhiteElo "2586"]
[BlackElo "2471"]
[WhiteFideId "5008123"]
[BlackFideId "4128125"]
[EventDate "2020.07.15"]
[EventType "k.o. blitz"]

1. d4 Nf6 2. Nf3 e6 3. c4 d5 4. e3 b6 5. b3 Bb7 6. Bb2 c5 7. cxd5 cxd4 8. Nxd4
Bb4+ 9. Nc3 Nxd5 10. Bb5+ Nd7 11. Rc1 Rc8 12. Ne2 O-O 13. O-O Nxc3 14. Bxc3 Bxc3
15. Qxd7 Qxd7 16. Bxd7 Rcd8 17. Bxe6 Bd2 18. Rc7 Ba6 19. Bc4 Bxc4 20. bxc4 Rc8
21. Rxa7 Rxc4 22. Nd4 Ba5 23. h3 g6 24. Rd1 Rfc8 25. Nb5 Rc1 26. Rxc1 Rxc1+ 27.
Kh2 Rc2 28. Kg3 Rxa2 29. f4 Be1+ 30. Kf3 Rf2+ 31. Ke4 Rxg2 32. Nd6 f5+ 33. Kd5
Re2 34. Nc4 Bf2 35. Ke6 Bxe3 36. Ne5 Bxf4 0-1

[Event "Women's Speed Chess GP4"]
[Site "chess.com INT"]
[Date "2020.07.19"]
[Round "4.1"]
[White "Hou, Yifan"]
[Black "Khademalsharieh, Sarasadat"]
[Result "0-1"]
[WhiteTitle "GM"]
[BlackTitle "IM"]
[WhiteElo "2658"]
[BlackElo "2494"]
[WhiteFideId "8602980"]
[BlackFideId "12512214"]
[EventDate "2020.07.15"]
[EventType "k.o. blitz"]

1. e4 e5 2. Nf3 Nc6 3. Bb5 a6 4. Ba4 d6 5. O-O Bd7 6. c3 g6 7. d4 Bg7 8. d5 Nce7
9. Bxd7+ Qxd7 10. Be3 h6 11. Nfd2 f5 12. f3 Nf6 13. c4 O-O 14. Nc3 c6 15. Rc1
Kh7 16. b4 cxd5 17. cxd5 b5 18. Qe2 Rac8 19. a4 bxa4 20. Qxa6 Ra8 21. Qd3 fxe4
22. fxe4 Ng4 23. Bb6 Rfb8 24. Nc4 Nc8 25. Ba5 Qa7+ 26. Kh1 Nf2+ 27. Rxf2 Qxf2
28. Nxa4 h5 29. Rf1 Qh4 30. Nab6 Nxb6 31. Nxb6 Ra7 32. Nc4 Qe7 33. h3 Rf8 34.
Rd1 Qd7 35. Nb6 Qe8 36. Nc4 Qb8 37. Nd2 Raf7 38. Nf3 Bh6 39. Rf1 Qc8 40. b5 Qb7
41. Bb4 Qd7 42. b6 Rb8 43. Ba5 Kg7 44. Qc3 Rc8 45. Qb2 Qb7 0-1

[Event "Women's Speed Chess GP4"]
[Site "chess.com INT"]
[Date "2020.07.19"]
[Round "4.2"]
[White "Khademalsharieh, Sarasadat"]
[Black "Hou, Yifan"]
[Result "1/2-1/2"]
[WhiteTitle "IM"]
[BlackTitle "GM"]
[WhiteElo "2494"]
[BlackElo "2658"]
[WhiteFideId "12512214"]
[BlackFideId "8602980"]
[EventDate "2020.07.15"]
[EventType "k.o. blitz"]

1. d4 Nf6 2. c4 e6 3. Nf3 d5 4. Nc3 Bb4 5. Bg5 h6 6. Bxf6 Qxf6 7. Qb3 c5 8. cxd5
exd5 9. e3 O-O 10. a3 Bxc3+ 11. Qxc3 Nd7 12. Be2 b6 13. O-O Bb7 14. Rac1 c4 15.
b3 b5 16. Ne5 Nxe5 17. dxe5 Qe7 18. b4 Rae8 19. f4 f6 20. Bh5 Rd8 21. exf6 Rxf6
22. Rcd1 Re6 23. Rfe1 Bc6 24. Rd4 Kh8 25. Bg4 Re4 26. Bf3 Re6 27. Qd2 Re8 28.
Kf2 Qh4+ 29. Kg1 Qe7 30. Kf2 Qh4+ 31. Kg1 Qe7 1/2-1/2